00262 a2200121 4500001000700000020001800007040001100025100002300036240003500059245003000094300000700124362000900131186878 a85-86740-05-5 cMagnum aVeneza, Maurício10aO resfriado do bruxobaldolpor10aO resfriado do bruxobaldo a240 a1997